Primavera /
Shranjeno v:
| Glavni avtor: | |
|---|---|
| Format: | Neznan |
| Jezik: | Spanish |
| Izdano: |
San José, Costa Rica :
[editor no identificado],
1930.
|
| Teme: | |
| Oznake: |
Označite
Brez oznak, prvi označite!
|
MARC
| LEADER | 000000000a22000000004500 | ||
|---|---|---|---|
| 001 | 003329 | ||
| 041 | 0 | |a spa | |
| 082 | 0 | 4 | |a CR861.4 |b A663p |
| 100 | 1 | |a Araya López, Carlomagno | |
| 245 | 1 | 0 | |a Primavera / |c Carlomagno Araya López. |
| 260 | 1 | |a San José, Costa Rica : |b [editor no identificado], |c 1930. | |
| 300 | |a 94 páginas | ||
| 650 | 4 | |a LITERATURA COSTARRICENSE | |
| 650 | 4 | |a POESIA | |
| 999 | |c 9573 |d 9573 | ||
| 942 | |c BK |h CR861.4 A663p |2 z | ||
